| 000 | 00508 a2200193 4500 | ||
|---|---|---|---|
| 999 |
_c12034 _d12034 |
||
| 003 | OSt | ||
| 005 | 20231117153850.0 | ||
| 008 | 231117b ||||| |||| 00| 0 eng d | ||
| 020 | _a9783037786185 | ||
| 040 | _aBMSCA | ||
| 041 | _aeng. | ||
| 082 |
_223 _a712 _bVOG |
||
| 100 | _a Vogt, Gunther | ||
| 245 | _aMutation And Morphosis: Landscape As Aggregate | ||
| 260 |
_bLars Müller Publishers; _c2020, _aSwitzerland |
||
| 300 |
_a651p.: _c7 x 2.3 x 9.6 inches |
||
| 700 | _athomas Kissling | ||
| 942 | _2ddc | ||